01074nam a2200265Ia 4500001000600000003000900006008004100015040001300056040001300069041001300082100001700095100002900112245004700141245007200188250001100260260001000271260002800281260004900309300005700358500028400415650003500699650003100734700001700765700002600782B0971IT-RoPAU130308s9999 xx 000 0 und d aIT-RoPAU cIT-RoPAU aFRANCESE aPerin Pascal gCodice Aut. SPICS: 37321 aCommunication multimodale et mediatisation bCommunication plurielle (La)-L'Interaction Dans Les Teleconferences a1a ed. aPARIS bDocumentation Francaise c1992 [1° Ed.:1992 - Ed.Ling.Originale:1992] a"23 p. (prefazione: no ; testo: 23 [pagine: 61-83])" aComunicazione multimodale e Mediatizzazione. Dimensione multimodale delle Interazioni. Organizzazione degli scambi nelle Riunioni. Dimensione Pragmatica Plurimodale: Strutturazione del Discorso, Gesti e movimenti delle Mani,Espressioni Facciali. Comunicazione Globale nel Gruppo. aSAGGI DI COMUNICAZIONE SOCIALE eCodice materia Spics: 3807 aMouchon Jean gCodice Aut. SPICS: 45